000 00464nam a2200193Ia 4500
005 20240823030618.0
008 240823s9999||||xx |||||||||||||| ||und||
020 _a978-93-80348-10-0
041 _aENGLISH
082 _A820 P9
100 _aPandian I D
245 0 _aAmitav ghosh life and works a critical Study
250 _a1st
260 _c2009
_bBhasker Publica
500 _aYES
650 _aAmitav Ghosh
_bGeneral
942 _cBK
999 _c189109
_d189109